Guess All 46 Presidents By Last Name - Statistics

General Stats
  • This quiz has been taken 349 times
  • The average score is 30 of 46
Answer Stats
President % Correct
washington
97%
biden
92%
obama
92%
trump
92%
adams
91%
adams
91%
bush
87%
bush
87%
lincoln
87%
jefferson
85%
roosevelt
85%
roosevelt
85%
clinton
83%
kennedy
82%
reagan
81%
johnson
77%
nixon
75%
jackson
74%
johnson
71%
carter
68%
eisenhower
66%
ford
66%
madison
66%
grant
62%
hoover
60%
monroe
59%
truman
59%
wilson
57%
polk
55%
harrison
54%
harrison
54%
taft
53%
cleveland
51%
cleveland
51%
garfield
51%
tyler
51%
coolidge
50%
taylor
50%
buchanan
46%
mckinley
44%
pierce
42%
hayes
40%
arthur
38%
fillmore
38%
harding
38%
buren
36%
No matching quizzes found
Score Distribution
Percent of People with Each Score
Percentile by Number Answered
Your Score History
You have not taken this quiz